000
00255nam a2200097Ia 4500
001
706707
005
20250826162454.0
008
250824s9999 xx 000 0 und d
245
0
_a
SAHİHİ BUHARİ VII
_c
İMAM BUHARİ
260
_b
DİYANET İŞLERİ YAYINLARI
999
_c
706707
_d
706707